01680nam a2200421 i 450000100060000000300080000600500170001400600190003100700150005000800410006502000280010602000180013403500220015204000310017405000210020508000120022608200160023824501840025426400790043830000830051733600310060033700330063133800430066450400420070758800830074965000390083265000340087165000290090565000440093465000310097865000270100965000160103665500270105270000280107970000420110770000460114985600630119520074FINmELB20241216213821.0m o u cr cn|||||||||200103s2018 ck abd ob 000 0 spa d a9789587747492q(e-book) z9789587747485 a(OCoLC)1139479563 aFINmELBbspaerdacFINmELB00aHD60b.G574 2018 a656.04504a658.40822100aGobernanza y gerencia del desarrollo sostenible /cJosé Antonio Ocampo [y otros] ; Manuel Rodríguez Becerra y María Alejandra Vélez, edición académica y compilación. 1aBogotá :bUniversidad de los Andes. Facultad de Administración,c2018. a1 recurso en línea (xxii, 556 páginas) :bilustraciones, mapas, gráficos atextobtxt2rdacontent/spa acomputadorabc2rdamedia/spa arecurso en líneabcr2rdacarrier/spa aIncluye referencias bibliográficas. aDescripción basada en metadatos suministrados por el editor y otras fuentes. 0aSocial responsibility of business. 0aEnvironmental responsibility. 0aSustainable development. 4aResponsabilidad social de los negocios. 4aResponsabilidad ambiental. 4aDesarrollo sostenible. 4aGobernanza. 4aLibros electrónicos.1 aOcampo, José Antonio.1 aRodríguez Becerra, Manuel,eeditor.1 aVélez, María Alejandra,ecompiladora.40uhttps://elibro.net/ereader/politecnicointernacional/118317